000 00589nam a2200205 i 4500
001 bgj
100 1 _aENGLER, Nick
245 1 0 _aWeekend projects /
_ccollected and written by Nick Engler.
260 _aEmmaus, Pa :
_bRodale Press,
_cc. 1991.
300 _aIII, 123 pp :
_bill. ;
_c29 cm.
490 1 _aBuild-It-Better-Yourself Woodworking Projects
650 9 _aWoodwork
830 _aBuild-It-Better-Yourself Woodworking Projects
020 _a087857941
040 _cBPK
041 0 _aeng
920 _a0-87857-941
942 _cKS
008 s uk f |000 0 eng
999 _c47558
_d47558
856 _uhttp://koha.tu.koszalin.pl/cgi-bin/koha/opac-detail.pl?biblionumber=47558
_yKatalog online BPK